00410nam a2200157Ia 4500008004100000020001500041041001200056082001600068100002200084245007700106250000800183260002500191300000800216650001500224700001300239221030s9999 xx 000 0 und d a0070588309 aEnglish a105.23bPal aM. S. Palanichamy 0aEnginnering Mechanics Statics & Dynamicscby M. S. Palanichamy, S. Nagan a3rd bTMHaNew Delhic2006 a635 aMechanical aS. Nagan